Student evaluation for effective teaching/ (Record no. 157964)
[ view plain ]
| 000 -LEADER | |
|---|---|
| fixed length control field | 00551nam a22001697a 4500 |
| 005 - DATE AND TIME OF LATEST TRANSACTION | |
| control field | 20181011170627.0 |
| 010 ## - LCCN (DPL NO) | |
| LC control number | B-029676 |
| 035 ## - SYSTEM CONTROL NUMBER | |
| System control number | B-029676 |
| 037 ## - SOURCE OF ACQUISITION | |
| Source of stock number/acquisition | Rajmahal Publication |
| 082 ## - DEWEY DECIMAL CLASSIFICATION NUMBER | |
| Classification number | 371.102 |
| 100 ## - MAIN ENTRY--PERSONAL NAME | |
| Personal name | Balachandran, Ethel Selina |
| 245 ## - TITLE STATEMENT | |
| Title | Student evaluation for effective teaching/ |
| Statement of responsibility, etc | by Ethel Selina Balachandran |
| 260 ## - PUBLICATION, DISTRIBUTION, ETC. (IMPRINT) | |
| Place of publication, distribution, etc | Chennai |
| Name of publisher, distributor, etc | Rajmahal Publication |
| Date of publication, distribution, etc | 2000 |
| 300 ## - PHYSICAL DESCRIPTION | |
| Extent | xiv, 216p. |
| Dimensions | 20c.m. (Hb) |
| 942 ## - ADDED ENTRY ELEMENTS (KOHA) | |
| Source of classification or shelving scheme | Dewey Decimal Classification |
| Item type | English Books |
| Classification part | 371.102 |
| Call number suffix | BAL |
| Withdrawn status | Lost status | Not for loan | Collection code | Home library | Current library | Date acquired | Full call number | Barcode | Koha item type |
|---|---|---|---|---|---|---|---|---|---|
| Non-fiction | Sarojini Nagar | Sarojini Nagar | 11/10/2018 | 371.102 | B-029676 | English Books |
